00386nam a22001457a 450000500170000000800410001702000180005804100120007608200120008810000120010024500290011226000550014130000180019665000260021420240822124618.0240822b |||||||| |||| 00| 0 eng d a9780409117899 aEnglish a349 LAW lEnglish aThe Lawyer's Pocketbook  aDurban: bButterworth Publishers (Pty) Ltd, c2010 b9780409117899 aLegal practice bLaw